000
00335nam a22001337a 4500
999
_c
47292
_d
47291
008
210722b ||||| |||| 00| 0 eng d
020
_a
9728726430
100
_a
MODEIROS, Eduardo Raosa de
245
_a
Economia para ourtas ciencias sociais
250
_a
1 ed
260
_a
Lisboa
_b
Editora ISCP
300
_a
353P
942
_2
udc
_c
BK